Studies and review: 1993, N65

Αποθηκεύτηκε σε:
Λεπτομέρειες βιβλιογραφικής εγγραφής
Κύριος συγγραφέας: GFCM
Μορφή: Βιβλίο
Γλώσσα:Undetermined
Έκδοση: Rome FAO 1993
Θέματα:
Ετικέτες: Προσθήκη ετικέτας
Δεν υπάρχουν, Καταχωρήστε ετικέτα πρώτοι!
Thư viện lưu trữ: Trung tâm Học liệu Trường Đại học Cần Thơ
LEADER 00455nam a2200181Ia 4500
001 CTU_4248
008 210402s9999 xx 000 0 und d
082 |a 639 
082 |b G326/N65 
100 |a GFCM 
245 0 |a Studies and review: 1993, N65 
245 0 |c GFCM 
260 |a Rome 
260 |b FAO 
260 |c 1993 
650 |a fisheries 
904 |i Nguyễn Quang Điền, 960530 
980 |a Trung tâm Học liệu Trường Đại học Cần Thơ